01269 a2200133 4500003000400000005001700004008004100021020001800062100001400080245006200094260004200156300001100198520092600209OSt20251212132714.0251212b |||||||| |||| 00| 0 eng d a9789386867544 aPillai R. aThus Spoke ChanakyabAncient Wisdom For Daily inspiration bJaico Publishing Housec2024aChennai a246pp. aAncient Wisdom for Daily Inspiration “CONQUER YOURSELF TO REMAIN UNBEATABLE In the path to success, both the biggest hurdle and the biggest support is your own mind, depending up on how you have trained it. ” SAYS CHANAKYA. No school or university teaches us how to make friends, how to have a successful career, how to maintain a healthy married life, how to run a family or how to live life in general. How many times have we wished for a roadmap to navigate the confusing landscape of life, to have a guidebook to show us the way? In his much-awaited book Thus Spoke Chanakya, bestselling author Radhakrishnan Pillai decodes ancient texts from the illustrious Kautilya’s Arthashastra within the context of modern times and doles it out in short, crisp passages for everyday practice and use. Perfect for those who yearn to master the teachings of Chanakya and incorporate it in their routine for overall success.